<?xml version="1.0" encoding="UTF-8"?>
<record
    xmlns:xsi="http://www.w3.org/2001/XMLSchema-instance"
    xsi:schemaLocation="http://www.loc.gov/MARC21/slim http://www.loc.gov/standards/marcxml/schema/MARC21slim.xsd"
    xmlns="http://www.loc.gov/MARC21/slim">

  <leader>00744nab a2200205 uc4500</leader>
  <controlfield tag="001">723480</controlfield>
  <controlfield tag="005">20260206101153.0</controlfield>
  <controlfield tag="008">020305e20010901                    spa  </controlfield>
  <datafield tag="035" ind1=" " ind2=" ">
    <subfield code="a">723480</subfield>
  </datafield>
  <datafield tag="035" ind1=" " ind2=" ">
    <subfield code="a">(OCoLC)819934308</subfield>
  </datafield>
  <datafield tag="040" ind1=" " ind2=" ">
    <subfield code="c">comduadb</subfield>
  </datafield>
  <datafield tag="041" ind1=" " ind2=" ">
    <subfield code="a">spa</subfield>
  </datafield>
  <datafield tag="100" ind1="1" ind2="0">
    <subfield code="a">Castillo Castillo, Dolores</subfield>
    <subfield code="4">aut</subfield>
    <subfield code="e">aut</subfield>
    <subfield code="9">353535</subfield>
  </datafield>
  <datafield tag="245" ind1="1" ind2="0">
    <subfield code="a">Cuatro lados de una misma relacion</subfield>
  </datafield>
  <datafield tag="650" ind1=" " ind2="7">
    <subfield code="a">Atenci&#xF3;n de enfermer&#xED;a</subfield>
    <subfield code="2">dcs</subfield>
    <subfield code="9">13254</subfield>
  </datafield>
  <datafield tag="650" ind1=" " ind2="0">
    <subfield code="a">Relaciones enfermero-paciente</subfield>
    <subfield code="9">102740</subfield>
  </datafield>
  <datafield tag="650" ind1=" " ind2=" ">
    <subfield code="a">Relaci&#xF3;n familia-paciente</subfield>
    <subfield code="9">12951</subfield>
  </datafield>
  <datafield tag="773" ind1="0" ind2=" ">
    <subfield code="t">Index de Enfermer&#xED;a : Informaci&#xF3;n Bibliogr&#xE1;fica, Investigaci&#xF3;n y Humanidades (Granada)</subfield>
    <subfield code="g">Volumen 10, N&#xFA;mero 34, Septiembre-Noviembre 2001, p.40-41</subfield>
    <subfield code="w">389985</subfield>
    <subfield code="x">1132-1296</subfield>
    <subfield code="0">110557</subfield>
  </datafield>
  <datafield tag="942" ind1=" " ind2=" ">
    <subfield code="c">ARIMP</subfield>
  </datafield>
  <datafield tag="999" ind1=" " ind2=" ">
    <subfield code="c">228196</subfield>
    <subfield code="d">228196</subfield>
  </datafield>
</record>
